Die Gleichstrommaschine.

Bibliographic Details
Main Author: Humburg, Karl
Format: Book
Language:German
Published: Berlin : W. De Gruyter, 1956.
Edition:2., durchgesehene Aufl.
Series:Sammlung Göschen ; Bd. 257, 881
Subjects:

MARC

Tag First Indicator Second Indicator Subfields
LEADER 00000cam a2200000 4500
001 in00000096202
005 20150925085912.0
008 800401s1956 wb a b 00000 ger d
035 |a (OCoLC)06155617 
035 |9 AAL2159AM 
040 |a TXA  |c TXA  |d UtOrBLW 
049 |a TXAM  |d [  |v = Bd.]  |v 1 [1162217]  |v 2 [1162218] 
090 |a TK2661  |b .H8 1956 
100 1 |a Humburg, Karl. 
245 1 4 |a Die Gleichstrommaschine. 
250 |a 2., durchgesehene Aufl. 
264 1 |a Berlin :  |b W. De Gruyter,  |c 1956. 
300 |a 2 volumes :  |b illustrations 
336 |a text  |b txt  |2 rdacontent 
337 |a unmediated  |b n  |2 rdamedia 
338 |a volume  |b nc  |2 rdacarrier 
490 0 |a Sammlung Göschen ;  |v Bd. 257, 881 
504 |a Bibliography: volume 1, page [101]. 
650 0 |a Electric machinery  |x Direct current. 
999 |a MARS 
999 f f |s dff7569f-7868-38d5-a6ca-1200fbe98554  |i 40d83ae5-17e5-315d-a901-375fb9243b53  |t 0 
952 f f |p ric  |a Texas A&M University  |b Rellis Campus  |c Joint Library Facility  |d Remote Storage  |t 0  |e TK2661 .H8 1956  |h Library of Congress classification  |i unmediated -- volume  |k Bd.1  |m A14805468852 
952 f f |p ric  |a Texas A&M University  |b Rellis Campus  |c Joint Library Facility  |d Remote Storage  |t 0  |e TK2661 .H8 1956  |h Library of Congress classification  |i unmediated -- volume  |k Bd.2  |m A14805468860 
998 f f |a TK2661 .H8 1956  |s Bd.1-Bd.2  |t 0  |l Remote Storage